Brexit, jaké budou ekonomické dopady?
Proces vystúpenia Veľkej Británie z Európskej únie. Štyri mesiace po referende a niekoľko dôležitých udalostí, ktoré sa odohrali v Británii. Situácia na finančných trhoch a oslabená libra. Britská ekonomika a priemysel.
Salvato in:
| Autore principale: | |
|---|---|
| Natura: | Capitolo di libro |
| Lingua: | ceco |
| Soggetti: | |
| Tags: |
Nessun Tag, puoi essere il primo ad aggiungerne!!
|
MARC
| LEADER | 00000naa a2200000 4500 | ||
|---|---|---|---|
| 001 | 0225913 | ||
| 005 | 20221220140452.8 | ||
| 041 | 0 | |a cze | |
| 044 | |a CZ | ||
| 245 | 1 | 0 | |a Brexit, jaké budou ekonomické dopady? |c Daniela Milučká |
| 520 | |a Proces vystúpenia Veľkej Británie z Európskej únie. Štyri mesiace po referende a niekoľko dôležitých udalostí, ktoré sa odohrali v Británii. Situácia na finančných trhoch a oslabená libra. Britská ekonomika a priemysel. | ||
| 610 | 2 | 0 | |a Veľká Británia |
| 610 | 2 | 0 | |a Európska únia |
| 610 | 2 | 0 | |a trh finančný |
| 610 | 2 | 0 | |a trh akciový |
| 610 | 2 | 0 | |a bankovníctvo |
| 610 | 2 | 0 | |a banky centrálne |
| 610 | 2 | 0 | |a vývoj hospodársky |
| 610 | 2 | 0 | |a závislosť ekonomická |
| 610 | 2 | 0 | |a brexit |
| 610 | 2 | 0 | |a referendum |
| 100 | 1 | |a Milučká, Daniela | |